Statistics for Movies Set in San Francisco

Click here to take the quiz!

General Stats

  • This quiz has been taken 15,137 times
    (6,838 since last reset)
  • The average score is 8 of 17

Answer Stats

Summary Answer % Correct
Man reconnects with his children by dressing up as a female British nannyMrs. Doubtfire
94%
Openly gay man is first to win electionMilk
71%
Maverick cop catches a sadistic serial killer, asks him if he feels luckyDirty Harry
67%
Mob witness hides in the last place anyone would ever expect - a conventSister Act
60%
Widowed man raises 3 daughters with the help of unclesFull House
57%
Mercenaries seize Alcatraz, threaten to gas San FranciscoThe Rock
56%
Detective suffers from phobias and OCDMonk
50%
Detective investigates a murder, but is seduced by a
beautiful psychopath who shuns underwear
Basic Instinct
49%
Police detective has a fear of heights, as illustrated by the
camera zooming in and out
Vertigo
45%
Three sisters are powerful witches, but try to blend in as normal peopleCharmed
44%
Single dad beats the odds, gets job as a stockbrokerThe Pursuit of Happyness
41%
Aging crew of a spaceship travel back in time to kidnap a pair humpback whalesStar Trek IV:
The Voyage Home
41%
Tough-talking private detective solves a murder that involves a bird statueThe Maltese Falcon
32%
Uptight man is married to free-spirited womanDharma & Greg
28%
Five siblings become orphansParty of Five
27%
House full of nerds develops new compression software named Pied PiperSilicon Valley
24%
Beat poet finds true love, but his fiancée might have killed her previous husbandsSo I Married an
Axe Murderer
23%

Score Distribution

Percentile by Number Answered

Percent of People with Each Score

Your Score History

You have not taken this quiz since the last reset